Online Catalogue and eLibrary

Negotiating peace in Sri Lanka : (Record no. 4475)

MARC details
000 -LEADER
fixed length control field 00445nam a2200169Ia 4500
005 - DATE AND TIME OF LATEST TRANSACTION
control field 20240610005345.0
008 - FIXED-LENGTH DATA ELEMENTS--GENERAL INFORMATION
fixed length control field 240331s9999 xx 000 0 und d
020 ## - INTERNATIONAL STANDARD BOOK NUMBER
ISBN 9558085006
082 ## - DDC Classification
Class No. 305.8
Item Number - Author Mark NEG.
245 #0 - TITLE STATEMENT
Title Negotiating peace in Sri Lanka :
Remainder of title efforts, failures and Lessons
260 ## - PUBLICATION, DISTRIBUTION, ETC.
Place of publication, distribution, etc. UK
Name of publisher, distributor, etc. International Alert
Date of publication, distribution, etc. 1988
300 ## - PHYSICAL DESCRIPTION
Extent (e.g. Volumes, Pages etc.) x, 420 p .,
650 ## - SUBJECT ADDED ENTRY--TOPICAL TERM
Topical term or geographic name entry element Law
650 ## - SUBJECT ADDED ENTRY--TOPICAL TERM
Topical term or geographic name entry element Political
700 ## - ADDED ENTRY--PERSONAL NAME
Personal name Rupesinghe,K.
Relator term (Role) Editor
942 ## - Koha item type (Biblio)
Koha item type Books in Stacks (Lending)
Holdings
Lost status Damaged status Collection code Home library Current library Shelving location Date acquired Accession Number Item type
    Lending WERC Library WERC Library Social Science Cupboard 03/31/2024 5566 Books in Stacks (Lending)

© WERC Library